How to Become a TV Character Quiz Stats

 Plays Quiz Updated Jul 20, 2015

Challenge
Share
Tweet
Embed
Score 0/20 Timer 04:00
3 Plays Today
% Correct
Frasier Crane
89.5%
Sheldon Cooper
89.4%
Mork from Ork
87.6%
Ricky Ricardo
87.6%
Jean-Luc Picard
85.1%
Walter White
84.2%
Samantha Stephens
84.1%
The Professor
82.5%
Cliff Clavin
78.9%
George Jefferson
78.1%
% Correct
Jessica Fletcher
76.2%
Margaret Houlihan
75.4%
Jesse Katsopolis
75.2%
Liz Lemon
74%
Frank Underwood
72%
Sophia Petrillo
71.6%
Alex P. Keaton
71.2%
Mary Richards
69.4%
Harold T. Stone
63.7%
Dick Loudon
62.1%

You're not logged in!

Compare scores with friends on all Sporcle quizzes.
Join for Free
OR
Log In

You Might Also Like...

Show Comments

Extras

Top Quizzes Today


Score Distribution

Your Account Isn't Verified!

In order to create a playlist on Sporcle, you need to verify the email address you used during registration. Go to your Sporcle Settings to finish the process.

Report this User

Report this user for behavior that violates our Community Guidelines.

Details: